LEADER 00763nam2-22002891i-450- 001 990000221110403321 035 $a000022111 035 $aFED01000022111 035 $a(Aleph)000022111FED01 035 $a000022111 100 $a20011111d--------km-y0itay50------ba 101 0 $aita 105 $ay-------001yy 200 1 $a1. : CXXVII, 433 p. 210 $aParis$cV Courcier$d1812- 215 $av.$d21 cm 461 0$1001000009754$12001$aLecons de minéralogie données au Collége de France 610 0 $aMineralogia 676 $a549 700 1$aDelametherie,$bJ. C. 801 0$aIT$bUNINA$gRICA$2UNIMARC 901 $aBK 912 $a990000221110403321 952 $a13 AR 21 A 03$b3785$fFINBC 959 $aFINBC 997 $aUNINA DB $aING01 LEADER 00912nam0-2200325---450 001 990009651350403321 005 20231124162251.0 010 $a9780521677646$bpaperback 035 $a000965135 035 $aFED01000965135 035 $a(Aleph)000965135FED01 100 $a20121129d2010----km-y0itay50------ba 101 0 $aeng 102 $aGB 105 $a--------001yy 200 1 $aLexical meaning$fM. Lynne Murphy 210 $aCambridge ; New York$cCambridge University Press$d2010 215 $aXVII, 256 p.$cill.$d26 cm 225 1 $aCambridge textbooks in linguistics 610 0 $aSemantica 610 0 $aLessicologia 676 $a401.43 700 1$aMurphy,$bM. Lynne$0280716 801 0$aIT$bUNINA$gRICA$2UNIMARC 901 $aBK 912 $a990009651350403321 952 $a401.44 MURP 1$bDip.Fil.Mod.18887$fFLFBC 959 $aFLFBC 996 $aLexical meaning$9840000 997 $aUNINA